000 00651nam a2200217Ia 4500
003 GCL
008 140319s9999 xx 000 0 eng d
040 _aGCL /
_cGCL
082 0 4 _a341.05
_bO B
100 1 _aBROWNLIE, IAN
245 1 0 _aTHE BRITISH YEAR BOOK OF INTERNATIONAL LAW 1990 :
_bSIXTY - FIRST YEAR OF ISSUE /
_cBROWNLIE, IAN
700 1 _aBOWETT, D.W
250 _aFIRST
260 _aانجلترا :
_bOXFORD UNIVERSITY PRESS ،
_c1991
300 _a22 CM ؛
_cX, 668 P
650 0 4 _aINTERNATIONAL RELATIONS
650 0 4 _aHUMAN RIGHTS
650 0 4 _aINTERNATIONAL LAW
650 0 4 _aINTERNATIONAL LAW - PERIODICAL
942 _2ddc
_cBK
999 _c4381
_d4381